[Event "Ef Agonizesthai rapid op 9th"]
[Site "Pyrgos"]
[Date "2019.08.18"]
[Round "8.2"]
[White "Nikolaou, Georgios"]
[Black "Georgakopoulos, Nikolaos"]
[Result "0-1"]
[WhiteElo "2221"]
[BlackElo "2326"]
[PlyCount "36"]
[EventDate "2019.08.16"]
[EventType "swiss (rapid)"]
[EventRounds "9"]
[EventCountry "GRE"]
[SourceTitle "EXT 2020"]
[Source "ChessBase"]
[SourceDate "2019.10.17"]
[SourceVersion "1"]
[SourceVersionDate "2019.10.17"]
[SourceQuality "1"]

1. d4 Nf6 2. c4 g6 3. Nf3 Bg7 4. g3 0-0 5. Bg2 d6 6. 0-0 Nbd7 7. Nc3 e5 8. h3 Re8 9. Re1 c6 10. e4 a5 11. Be3 a4 12. Qc2 Qa5 13. Bd2 Qa6 14. Bf1 exd4 15. Nxd4 Nc5 16. Nf3 Nfd7 17. Bf4 Ne5 18. Rad1 Nxf3+ 0-1

[Event "Ef Agonizesthai rapid op 9th"]
[Site "Pyrgos"]
[Date "2019.08.17"]
[Round "5.2"]
[White "Perifanis, Georgios"]
[Black "Nikolaou, Georgios"]
[Result "0-1"]
[WhiteElo "2092"]
[BlackElo "2221"]
[PlyCount "57"]
[EventDate "2019.08.16"]
[EventType "swiss (rapid)"]
[EventRounds "9"]
[EventCountry "GRE"]
[SourceTitle "EXT 2020"]
[Source "ChessBase"]
[SourceDate "2019.10.17"]
[SourceVersion "1"]
[SourceVersionDate "2019.10.17"]
[SourceQuality "1"]

1. d4 Nf6 2. f4 d5 3. e3 c5 4. c3 g6 5. Bd3 Bg7 6. Nf3 0-0 7. Nbd2 b6 8. Qe2 a5 9. a4 Ba6 10. 0-0 Bxd3 11. Qxd3 Qd7 12. b3 Qb7 13. Ne5 Nc6 14. Ba3 Rac8 15. Rac1 Rfd8 16. Rfd1 e6 17. Qb5 Na7 18. Qe2 Rc7 19. Nd3 Rdc8 20. dxc5 bxc5 21. b4 cxb4 22. cxb4 Rxc1 23. Rxc1 Rxc1+ 24. Bxc1 axb4 25. Nb3 Ne4 26. Ndc5 Nxc5 27. Nxc5 Qc6 28. Nd3 Qxa4 29. Qd1 0-1

[Event "Ef Agonizesthai rapid op 9th"]
[Site "Pyrgos"]
[Date "2019.08.16"]
[Round "3.2"]
[White "Makridis, Dimitrios"]
[Black "Nikolaou, Georgios"]
[Result "1/2-1/2"]
[WhiteElo "1820"]
[BlackElo "2221"]
[PlyCount "155"]
[EventDate "2019.08.16"]
[EventType "swiss (rapid)"]
[EventRounds "9"]
[EventCountry "GRE"]
[SourceTitle "EXT 2020"]
[Source "ChessBase"]
[SourceDate "2019.10.17"]
[SourceVersion "1"]
[SourceVersionDate "2019.10.17"]
[SourceQuality "1"]

1. e4 c5 2. Nc3 e6 3. f4 Nc6 4. Nf3 a6 5. d3 d6 6. g3 g6 7. Bg2 Bg7 8. 0-0 Qd7 9. f5 Nf6 10. fxe6 fxe6 11. e5 dxe5 12. Ng5 0-0 13. Nce4 b6 14. Nxf6+ Rxf6 15. Rxf6 Bxf6 16. Qf3 Bxg5 17. Qxc6 Qxc6 18. Bxc6 Bxc1 19. Bxa8 Bxb2 20. Rb1 Bd4+ 21. Kg2 b5 22. Bc6 Kf7 23. a4 b4 24. a5 Ke7 25. h4 Kd6 26. Be4 Bd7 27. Re1 Ba4 28. Re2 Ke7 29. Bb7 Bb5 30. Be4 Kf6 31. g4 h6 32. Re1 Ba4 33. Re2 g5 34. hxg5+ Kxg5 35. Kf3 Kf6 36. Rh2 Kg7 37. Bb7 Bb5 38. Be4 Bb2 39. Ke2 Bc1 40. Kd1 Bf4 41. Rh5 Kf6 42. Bb7 Ke7 43. Ke2 Kd6 44. Be4 Ba4 45. Kd1 Bb5 46. Ke2 c4 47. dxc4 Bxc4+ 48. Bd3 Kc5 49. Rh1 e4 50. Bxc4 Kxc4 51. Rb1 e5 52. Rb3 Bc1 53. Kd1 Bg5 54. Ke2 Bf4 55. Kd1 Kc5 56. Ke2 Kc4 57. Kd1 e3 58. Ke2 e4 59. Kd1 Bg5 60. Ke2 Bf4 61. Kd1 Kc5 62. Ke2 Bg5 63. Kd1 Kc4 64. Ke2 Bf4 65. Kd1 Kc5 66. Ke2 Kc4 67. Kd1 Bg5 68. Ke2 Bf4 69. Kd1 Bg5 70. Ke2 Bf4 71. Kd1 Kc5 72. Ke2 Bg5 73. Kd1 Bf4 74. Ke2 Kc4 75. Kd1 Bg5 76. Ke2 Kc5 77. Kd1 Bf4 78. Ke2 1/2-1/2

[Event "Kavala op 28th"]
[Site "Kavala"]
[Date "2019.08.05"]
[Round "3"]
[White "Nikolaou, Georgios"]
[Black "Papadopoulos, Georgios1111"]
[Result "1/2-1/2"]
[WhiteElo "2197"]
[BlackElo "2378"]
[PlyCount "113"]
[EventDate "2019.08.04"]
[EventType "swiss"]
[EventRounds "9"]
[EventCountry "GRE"]
[SourceTitle "CBM 191 Extra"]
[Source "ChessBase"]
[SourceDate "2019.09.30"]
[SourceVersion "1"]
[SourceVersionDate "2019.09.30"]
[SourceQuality "1"]

1. d4 Nf6 2. c4 g6 3. Nf3 Bg7 4. g3 0-0 5. Bg2 d6 6. 0-0 Nc6 7. d5 Na5 8. Qa4 b6 9. Nbd2 Bd7 10. Qc2 b5 11. e4 c6 12. dxc6 Bxc6 13. Nd4 Qb6 14. Nxc6 Nxc6 15. cxb5 Nd4 16. Qd3 Nd7 17. Nb3 Nxb3 18. Qxb3 Rab8 19. Rb1 Qxb5 20. Qxb5 Rxb5 21. b3 Bd4 22. Rd1 Bb6 23. Bb2 Rc5 24. Rbc1 Rfc8 25. Rxc5 Rxc5 26. Rd2 Ba5 27. Rd5 Bb6 28. Rd2 Ne5 29. a3 a5 30. Kf1 Rb5 31. Bxe5 dxe5 32. Rd3 Rc5 33. Ke2 Rc1 34. f4 Rc2+ 35. Rd2 Rxd2+ 36. Kxd2 Bc5 37. fxe5 Bxa3 38. Ke3 e6 39. g4 g5 40. Bf1 Bb2 41. h3 Bxe5 42. Bb5 Kf8 43. Bc6 Ke7 44. Bb5 h6 45. Ba4 f6 46. Bb5 Kd6 47. Be8 Bf4+ 48. Kf3 Bc1 49. Bf7 Ke7 50. Bg8 e5 51. Bc4 Kd6 52. Bg8 Kc5 53. Bf7 Kd4 54. Be6 Kc3 55. Bf7 Kd2 56. Be6 Ke1 57. Bc4 1/2-1/2

[Event "Peristeri NM 1st"]
[Site "Peristeri"]
[Date "2018.05.22"]
[Round "4"]
[White "Nikolaou, Georgios"]
[Black "Louka, Magdalini"]
[Result "1-0"]
[WhiteElo "2183"]
[BlackElo "1796"]
[PlyCount "74"]
[EventDate "2018.05.04"]
[EventType "tourn"]
[EventRounds "9"]
[EventCountry "GRE"]
[SourceTitle "EXT 2019"]
[Source "ChessBase"]
[SourceDate "2018.10.10"]
[SourceVersion "1"]
[SourceVersionDate "2018.10.10"]
[SourceQuality "1"]

1. Nf3 Nf6 2. c4 c6 3. b3 d5 4. Bb2 Bf5 5. d3 e6 6. g3 Be7 7. Bg2 h6 8. 0-0 0-0 9. Nbd2 Nbd7 10. Qc2 Re8 11. Rfe1 Bf8 12. Rad1 Qc7 13. cxd5 exd5 14. e4 dxe4 15. dxe4 Bh7 16. Nd4 a5 17. a3 Nc5 18. f3 Ne6 19. Nxe6 Rxe6 20. Nc4 b5 21. Ne3 Rd8 22. Qc1 Rxd1 23. Rxd1 Rd6 24. Rxd6 Bxd6 25. Qc3 b4 26. axb4 axb4 27. Qd4 c5 28. Qd3 Be5 29. Nd5 Nxd5 30. Qxd5 Bd6 31. Bf1 Bg6 32. Kg2 h5 33. Bc4 h4 34. Qg5 Kf8 35. Qxh4 Be5 36. Bc1 Qa5 37. Qg5 Bf6 1-0

[Event "Ambelokipi op 167th"]
[Site "Athens"]
[Date "2018.02.14"]
[Round "6"]
[White "Vlasopoulos, Georgios"]
[Black "Nikolaou, Georgios"]
[Result "0-1"]
[WhiteElo "1752"]
[BlackElo "2204"]
[PlyCount "102"]
[EventDate "2018.01.10"]
[EventType "swiss"]
[EventRounds "7"]
[EventCountry "GRE"]
[SourceTitle "EXT 2019"]
[Source "ChessBase"]
[SourceDate "2018.10.10"]
[SourceVersion "1"]
[SourceVersionDate "2018.10.10"]
[SourceQuality "1"]

1. d4 Nf6 2. c4 e6 3. Nf3 b6 4. Bf4 Bb7 5. e3 Bb4+ 6. Nfd2 0-0 7. a3 Be7 8. Nc3 c5 9. d5 d6 10. e4 Ne8 11. Bd3 e5 12. Be3 Bc8 13. 0-0 g6 14. f4 exf4 15. Bxf4 Nd7 16. Nf3 Bf6 17. Qd2 Qe7 18. Rad1 Ne5 19. Nxe5 Bxe5 20. Bxe5 Qxe5 21. Qf4 f6 22. Rf3 Bd7 23. Bc2 Nc7 24. Ba4 Bxa4 25. Nxa4 b5 26. cxb5 Nxb5 27. Qxe5 fxe5 28. Rdf1 Rxf3 29. Rxf3 Nd4 30. Rf2 Kg7 31. Nc3 Rb8 32. Kf1 Nb3 33. Ke2 Nc1+ 34. Ke3 Rb3 35. Re2 Na2 36. Kf2 Nxc3 37. bxc3 c4 38. Ra2 a5 39. a4 Rb1 40. Ke2 Kf6 41. Kd2 Kg5 42. Ke3 h5 43. Rf2 Re1+ 44. Kd2 Rxe4 45. Rf8 Rf4 46. Rd8 Rf2+ 47. Ke3 Rxg2 48. Rxd6 Rxh2 49. Ra6 Rh3+ 50. Ke4 Rxc3 51. Rxa5 Rc1 0-1

[Event "Ambelokipi op 163th"]
[Site "Athens"]
[Date "2017.03.15"]
[Round "3"]
[White "Sideris, Theodoros"]
[Black "Nikolaou, Georgios"]
[Result "0-1"]
[WhiteElo "1953"]
[BlackElo "2243"]
[PlyCount "104"]
[EventDate "2017.03.01"]
[EventType "swiss"]
[EventRounds "7"]
[EventCountry "GRE"]
[SourceTitle "EXT 2024"]
[Source "ChessBase"]
[SourceDate "2023.10.10"]
[SourceVersion "1"]
[SourceVersionDate "2023.10.10"]
[SourceQuality "1"]

1. e4 c5 2. c3 d5 3. exd5 Qxd5 4. d4 Nf6 5. Nf3 e6 6. Be2 Nc6 7. Na3 Qd8 8. Nc2 Be7 9. 0-0 0-0 10. Ne5 cxd4 11. Nxc6 bxc6 12. Nxd4 Qc7 13. Bf3 Bd7 14. Re1 Rfe8 15. g3 Bd6 16. Bg5 Rab8 17. Bxf6 gxf6 18. Qd2 c5 19. Re4 cxd4 20. Rxd4 Be5 21. Rxd7 Rxb2 22. Rxc7 Rxd2 23. Rxa7 Bxc3 24. Rd1 Red8 25. Rxd2 Rxd2 26. Bh5 Bd4 27. Bxf7+ Kf8 28. Rb7 Rxf2 29. Kh1 e5 30. Bd5 f5 31. Rb1 e4 32. Bc4 Kg7 33. Rd1 Be3 34. Re1 Bd2 35. Re2 Rf1+ 36. Kg2 Rc1 37. Be6 Kf6 38. Bxf5 Kxf5 39. Rxd2 e3 40. Rb2 Ke4 41. a4 Rd1 42. Rb4+ Kd3 43. Rb3+ Kd2 44. Kf3 Rf1+ 45. Ke4 e2 46. Rb2+ Kd1 47. Rxe2 Kxe2 48. h4 Kf2 49. Kf4 Kg2+ 50. Kg5 Kxg3 51. h5 Rf7 52. a5 Ra7 0-1

[Event "Athens Siaperas Memorial 13th"]
[Site "Athens"]
[Date "2017.02.18"]
[Round "6"]
[White "Nikolaou, Georgios"]
[Black "Sideris, Theodoros"]
[Result "0-1"]
[WhiteElo "2229"]
[BlackElo "1990"]
[PlyCount "76"]
[EventDate "2017.02.04"]
[EventType "swiss"]
[EventRounds "7"]
[EventCountry "GRE"]
[SourceTitle "EXT 2024"]
[Source "ChessBase"]
[SourceDate "2023.10.10"]
[SourceVersion "1"]
[SourceVersionDate "2023.10.10"]
[SourceQuality "1"]

1. d4 Nf6 2. Nf3 c5 3. g3 cxd4 4. Nxd4 e5 5. Nb3 d5 6. Bg2 Be7 7. Bg5 Be6 8. c4 Bb4+ 9. Bd2 Nc6 10. 0-0 Bxd2 11. N1xd2 Qd6 12. cxd5 Bxd5 13. Nc4 Qd8 14. Bxd5 Nxd5 15. e4 Nf6 16. Nd6+ Ke7 17. Nxb7 Qxd1 18. Rfxd1 Nxe4 19. Rac1 Rac8 20. f3 Ng5 21. Nd6 Rc7 22. f4 Ne6 23. f5 Ned4 24. Nxd4 exd4 25. Nb5 Rb7 26. a4 a6 27. Nxd4 Nxd4 28. Rxd4 Rxb2 29. Rc7+ Kf6 30. Rd6+ Ke5 31. Rd1 Kf6 32. Rc6+ Kg5 33. h4+ Kg4 34. Rc3 Re8 35. Rd4+ Kh3 36. Kf1 Ree2 37. h5 Rf2+ 38. Ke1 Kg2 0-1

[Event "Athens ChessSquare Celebration op"]
[Site "Athens"]
[Date "2016.11.19"]
[Round "3"]
[White "Nikolaou, Georgios"]
[Black "Abelakiotis, Stavros"]
[Result "1/2-1/2"]
[WhiteElo "2189"]
[BlackElo "1949"]
[PlyCount "78"]
[EventDate "2016.11.05"]
[EventType "swiss"]
[EventRounds "7"]
[EventCountry "GRE"]
[SourceTitle "EXT 2024"]
[Source "ChessBase"]
[SourceDate "2023.10.10"]
[SourceVersion "1"]
[SourceVersionDate "2023.10.10"]
[SourceQuality "1"]

1. d4 Nf6 2. c4 e6 3. Nf3 b6 4. g3 Ba6 5. Qc2 Bb7 6. Bg2 c5 7. 0-0 cxd4 8. Nxd4 Bxg2 9. Kxg2 Nc6 10. Rd1 Nxd4 11. Rxd4 Bc5 12. Rd3 0-0 13. Nc3 Qc8 14. f3 Be7 15. Qa4 Qc6 16. Qxc6 dxc6 17. Bf4 Rfd8 18. Rad1 Kf8 19. e4 Ke8 20. Kf2 Rxd3 21. Rxd3 Nd7 22. Ke2 Rd8 23. g4 Bf6 24. b3 Bxc3 25. Rxc3 e5 26. Bg3 f6 27. Rd3 Ke7 28. Ke3 g5 29. Be1 Nf8 30. b4 Ne6 31. Rxd8 Kxd8 32. h4 h6 33. h5 Nd4 34. Bc3 Ne6 35. Bb2 Kd7 36. Bc3 a6 37. a4 b5 38. cxb5 cxb5 39. a5 Kc6 1/2-1/2